Epitome of CAG's report on the government of Andhra Pradesh (Commercial and receipt audit) (Record no. 481302)

000 -LEADER
fixed length control field 00510cam a22001217a 4500
008 - FIXED-LENGTH DATA ELEMENTS--GENERAL INFORMATION
fixed length control field 180718b-- xxu||||| |||| 00| 0 eng d
082 ## - DEWEY DECIMAL CLASSIFICATION NUMBER
Classification number L906x5451 E/R
245 ## - TITLE STATEMENT
Title Epitome of CAG's report on the government of Andhra Pradesh (Commercial and receipt audit)
260 ## - PUBLICATION, DISTRIBUTION, ETC.
Place of publication, distribution, etc. Hyderabad
Name of publisher, distributor, etc. Accountant General (Commercial and receipt audit)
Date of publication, distribution, etc. --
500 ## - GENERAL NOTE
General note Library has 2003/04-2004/05, 2010/11
650 ## - SUBJECT ADDED ENTRY--TOPICAL TERM
Topical term or geographic name entry element Auditing - India - Andhra Pradesh
700 ## - ADDED ENTRY--PERSONAL NAME
Personal name Andhra Pradesh. Accountant General (Commercial and receipt audit)
Holdings
Withdrawn status Lost status Damaged status Not for loan Permanent Location Current Location Date acquired Full call number Barcode Date last seen Price effective from Koha item type
        Indian Institute of Public Administration Indian Institute of Public Administration 2018-08-04 L906x5451 E/R GG31498 2018-08-04 2018-08-04 GG
        Indian Institute of Public Administration Indian Institute of Public Administration 2018-08-04 L906x5451 E/R GG29213 2018-08-04 2018-08-04 GG
        Indian Institute of Public Administration Indian Institute of Public Administration 2018-08-04 L906x5451 E/R GG27871 2018-08-04 2018-08-04 GG

Powered by Koha